000 00600nam a2200157 4500
999 _c15874
_d15874
008 201217b ||||| |||| 00| 0 eng d
022 _a0732-8435
082 _aDPer 657.05 C33 Sept - Mar 2015, v. 85 - 86
100 _942692
_aAnders, Susan B.
245 _aTop choices in tax software:
_b2015 annual survey of new York State practitioner/
_cSusan B. Anders and Carol M. Fischer.
260 _aNew York:
_bThe New York State Society of CPA,
_c©2015.
300 _av85 n11, pages 22-35:
_billustrations;
_c28 cm.
650 _aTaxation.
_942693
700 _aFischer, C. M.
_942697
942 _2ddc
_cPER